000 00600nam a22001697a 4500
003 NUST
038 _aNusrat Nadeem
082 _a200
100 _aJahan, Shah
_9123798
245 _aModeling Profitability-Influencing Risk Factors for Construction Projects: A System Dynamics Approach/
_cShah Jahan
264 _aIslamabad;
_bSCEE NUST;
_c2023.
300 _a280,p;
_bill;
_c30,cm.
650 _aPhD-Construction Engineering & Management 
_9123799
700 _aSupervisor: Dr. Khurram Iqbal Ahmad Khan
_9123800
856 _uhttp://10.250.8.41:8080/xmlui/handle/123456789/33078
942 _2ddc
_cSC
999 _c609871
_d609871